000 nam a22 7a 4500
999 _c43910
_d43910
003 OSt
005 20180317103224.0
008 180317b xxu||||| |||| 00| 0 eng d
040 _cIIMT
100 _aSRIVASTAVA,R.M.
245 _aMANAGEMENT OF INDIAN FINANCIAL INSTITUTIONS
260 _aNEW DELHI
_bHIMALAYA
_c2008
300 _a636
942 _2ddc
_c02